Statistics for Day #32: Countries 3200 km away from Cape Verde

Click here to take the quiz!

General Stats

  • This quiz has been taken 12 times
  • The average score is 6 of 6

Answer Stats

Answer% Correct
Algeria
100%
Niger
100%
Nigeria
100%
Portugal
92%
Spain
92%
Brazil
83%

Score Distribution

Percentile by Number Answered

Percent of People with Each Score

Your Score History

You have not taken this quiz